LIBRARY ONLINE CATALOGUE

Brilliant project management : (Record no. 20047)

MARC details
000 -LEADER
fixed length control field 01010cam a2200325 i 4500
001 - CONTROL NUMBER
control field 17583233
003 - CONTROL NUMBER IDENTIFIER
control field OSt
005 - DATE AND TIME OF LATEST TRANSACTION
control field 20230310111709.0
008 - FIXED-LENGTH DATA ELEMENTS--GENERAL INFORMATION
fixed length control field 130108s2012 enk 001 0 eng
010 ## - LIBRARY OF CONGRESS CONTROL NUMBER
LC control number 2012518691
020 ## - INTERNATIONAL STANDARD BOOK NUMBER
International Standard Book Number 1292083230
040 ## - CATALOGING SOURCE
Original cataloging agency DLC
Transcribing agency DLC
Description conventions rda
042 ## - AUTHENTICATION CODE
Authentication code pcc
050 00 - LIBRARY OF CONGRESS CALL NUMBER
Classification number HD69
Item number .B35 2012
100 1# - MAIN ENTRY--PERSONAL NAME
Personal name Barker, Stephen
245 10 - TITLE STATEMENT
Title Brilliant project management :
Remainder of title what the best project managers know, do and say /
Statement of responsibility, etc. Stephen Barker and Rob Cole.
246 30 - VARYING FORM OF TITLE
Title proper/short title Project management
250 ## - EDITION STATEMENT
Edition statement 3rd ed.
264 #1 - PRODUCTION, PUBLICATION, DISTRIBUTION, MANUFACTURE, AND COPYRIGHT NOTICE
Place of production, publication, distribution, manufacture Harlow, England :
Name of producer, publisher, distributor, manufacturer Pearson,
Date of production, publication, distribution, manufacture, or copyright notice 2012.
300 ## - PHYSICAL DESCRIPTION
Extent x, 187 p;
336 ## - CONTENT TYPE
Content type term text
Source rdacontent
337 ## - MEDIA TYPE
Media type term unmediated
Source rdamedia
338 ## - CARRIER TYPE
Carrier type term volume
Source rdacarrier
500 ## - GENERAL NOTE
General note Includes index.
650 #0 - SUBJECT ADDED ENTRY--TOPICAL TERM
Topical term or geographic name as entry element Project management.
700 1# - ADDED ENTRY--PERSONAL NAME
Personal name Cole, Rob.
906 ## - LOCAL DATA ELEMENT F, LDF (RLIN)
a 7
b cbc
c origcop
d 2
e ncip
f 20
g y-gencatlg
942 ## - ADDED ENTRY ELEMENTS (KOHA)
Source of classification or shelving scheme Library of Congress Classification
Koha item type General Collection
Holdings
Withdrawn status Lost status Source of classification or shelving scheme Not for loan Home library Current library Date acquired Cost, normal purchase price Total Checkouts Full call number Barcode Date last seen Price effective from Koha item type
    Library of Congress Classification   Kabarak, Main Campus Kabarak, Main Campus 10/03/2023 1640.00   HD69 .B35 2012 c.1 34982 02/08/2024 10/03/2023 General Collection